000 00846nam a2200253Ia 4500
003 OSt
005 20220925223121.0
006 a|||||r|||| 00| 0
007 ta
008 220923b |||||||| |||| 00| 0 eng d
020 _a041520500X
_cPd 16.99
037 _b9066, 29/03/2001, SBD
_cGeneral Book
040 _aRTL
_cRTL
_beng
041 _2eng
_aeng
082 _aY:6.1(X).N9, P0
100 _aLong Norman
_9136037
245 0 _aAnthropology development and modernities
_b Exploring discourses , counter- tendencies and violence
260 _aLondon
_bRoutledge
_c2000
300 _axvi, 232p. Bibliography: P 202-222
_ccm.
650 _aSocial Change
700 _a Arce Alberto
_9289005
942 _hY:6.1(X).N9, P0
_cGB
_2CC
999 _c578673
_d578673